Quantum mechanics (Record no. 13720)

MARC details
000 -LEADER
fixed length control field 00500nam a2200181Ia 4500
003 - CONTROL NUMBER IDENTIFIER
control field IN-BaIIA
008 - FIXED-LENGTH DATA ELEMENTS--GENERAL INFORMATION
fixed length control field 211028s9999 xx 000 0 eng d
020 ## - INTERNATIONAL STANDARD BOOK NUMBER
International Standard Book Number 9971-51-281-5
040 ## - CATALOGING SOURCE
Transcribing agency IIA Library
080 ## - UNIVERSAL DECIMAL CLASSIFICATION NUMBER
Universal Decimal Classification number 530.145
Item number MER
100 ## - MAIN ENTRY--PERSONAL NAME
Personal name Merzbacher, E
9 (RLIN) 24101
245 #0 - TITLE STATEMENT
Title Quantum mechanics
Statement of responsibility, etc. E. Merzbacher
250 ## - EDITION STATEMENT
Edition statement 3rd ed.
260 ## - PUBLICATION, DISTRIBUTION, ETC.
Place of publication, distribution, etc. New York
Name of publisher, distributor, etc. John Wiley & Sons
Date of publication, distribution, etc. 1998
300 ## - PHYSICAL DESCRIPTION
Extent xvi, 656p.
650 ## - SUBJECT ADDED ENTRY--TOPICAL TERM
Topical term or geographic name entry element quantum theory
942 ## - ADDED ENTRY ELEMENTS (KOHA)
Koha item type Books
Holdings
Withdrawn status Lost status Damaged status Not for loan Home library Current library Shelving location Date acquired Source of acquisition Cost, normal purchase price Total Checkouts Full call number Barcode Date last seen Cost, replacement price Price effective from Koha item type Purchase Price
        IIA Library-Bangalore IIA Library-Kodaikanal General Stacks 20/09/2000 TBH 399.50   530.145/ MER 14639 05/11/2021 399.50 20/09/2000 Books Rs. 399.50

Powered by Koha